The telescope handbook and star atlas (Record no. 5873)

MARC details
000 -LEADER
fixed length control field 00677nam a2200217Ia 4500
003 - CONTROL NUMBER IDENTIFIER
control field IN-BaIIA
008 - FIXED-LENGTH DATA ELEMENTS--GENERAL INFORMATION
fixed length control field 211028s9999 xx 000 0 eng d
020 ## - INTERNATIONAL STANDARD BOOK NUMBER
International Standard Book Number 0-690-00686-1
040 ## - CATALOGING SOURCE
Transcribing agency IIA Library
080 ## - UNIVERSAL DECIMAL CLASSIFICATION NUMBER
Universal Decimal Classification number 520.2
Item number HOW
100 ## - MAIN ENTRY--PERSONAL NAME
Personal name Howard, Neale E
9 (RLIN) 10188
245 #4 - TITLE STATEMENT
Title The telescope handbook and star atlas
Statement of responsibility, etc. Neale E Howard
260 ## - PUBLICATION, DISTRIBUTION, ETC.
Place of publication, distribution, etc. New York
Name of publisher, distributor, etc. Thomas Y. Crowell
Date of publication, distribution, etc. 1975
300 ## - PHYSICAL DESCRIPTION
Extent ix, 226p.
650 ## - SUBJECT ADDED ENTRY--TOPICAL TERM
Topical term or geographic name entry element Astronomy - observations
9 (RLIN) 10189
650 ## - SUBJECT ADDED ENTRY--TOPICAL TERM
Topical term or geographic name entry element Astronomy and astrophysics thesaurus
650 ## - SUBJECT ADDED ENTRY--TOPICAL TERM
Topical term or geographic name entry element Handbooks - telescopes
9 (RLIN) 10190
650 ## - SUBJECT ADDED ENTRY--TOPICAL TERM
Topical term or geographic name entry element Star - atlas
9 (RLIN) 10191
650 ## - SUBJECT ADDED ENTRY--TOPICAL TERM
Topical term or geographic name entry element Telescopes
9 (RLIN) 1997
942 ## - ADDED ENTRY ELEMENTS (KOHA)
Koha item type Books
952 ## - LOCATION AND ITEM INFORMATION (KOHA)
-- 14.95
Holdings
Withdrawn status Lost status Damaged status Not for loan Home library Current library Shelving location Date acquired Total Checkouts Full call number Barcode Date last seen Price effective from Koha item type
        IIA Library-Bangalore IIA Library-Bangalore General Stacks 18/08/1978   520.2/ HOW 6568 05/11/2021 18/08/1978 Books

Powered by Koha